A cost benefit analysis of options to reduce the risk of fire and rescue in areas of new build homes (Record no. 111060)

MARC details
000 -LEADER
fixed length control field 01551cad a22002415a 4500
001 - CONTROL NUMBER
control field L150961
008 - FIXED-LENGTH DATA ELEMENTS--GENERAL INFORMATION
fixed length control field 100916s2010 xxk f 000 0 eng d
020 ## - INTERNATIONAL STANDARD BOOK NUMBER
International Standard Book Number 9781409822608
035 ## - SYSTEM CONTROL NUMBER
System control number (Sirsi) u150961
041 0# - LANGUAGE CODE
Language code of text/sound track or separate title eng
050 04 - LIBRARY OF CONGRESS CALL NUMBER
Classification number 306 $2 18
110 2# - MAIN ENTRY--CORPORATE NAME
Corporate name or jurisdiction name as entry element United Kingdom
Subordinate unit Department for Communities and Local Government
9 (RLIN) 4939
245 02 - TITLE STATEMENT
Title A cost benefit analysis of options to reduce the risk of fire and rescue in areas of new build homes
Medium [electronic resource]
260 ## - PUBLICATION, DISTRIBUTION, ETC.
Place of publication, distribution, etc. London
Name of publisher, distributor, etc. Queen's Printer and Controller of Her Majesty's Stationery office
Date of publication, distribution, etc. 2010
490 #0 - SERIES STATEMENT
Series statement Fire Research Series 1/2010
505 2# - FORMATTED CONTENTS NOTE
Formatted contents note Executive summary -- Introduction -- Development in the Thames Gateway and its implications for the Fire and Rescue Services -- Methodological framework -- Cost and effectiveness assumptions -- Cost benefit analysis results -- Sensitivity and scenario analysis -- Summary of findings and conclusions -- Literature review -- Fire and Rescue Services in England -- Major Thames Gateway housing developments -- Summer 2008 workshop attendees -- References and data sources -- Tables
520 ## - SUMMARY, ETC.
Summary, etc. This report presents the findings from a CLG study into the costs and benefits of options to address the fire and community safety needs of areas of new build housing.
590 ## - LOCAL NOTE (RLIN)
Local note KA NTK
651 #4 - SUBJECT ADDED ENTRY--GEOGRAPHIC NAME
Geographic name England
Chronological subdivision 886-
690 ## - LOCAL SUBJECT ADDED ENTRY--TOPICAL TERM (OCLC, RLIN)
Topical term or geographic name as entry element Building regulations
9 (RLIN) 6224
856 48 - ELECTRONIC LOCATION AND ACCESS
Uniform Resource Identifier <a href="https://www.communities.gov.uk/documents/fire/pdf/costbenefitfirenewbuild.pdf">https://www.communities.gov.uk/documents/fire/pdf/costbenefitfirenewbuild.pdf</a>
Public note View the website free of charge at www.communities.gov.uk
942 ## - ADDED ENTRY ELEMENTS (KOHA)
Suppress in OPAC 0
Holdings
Withdrawn status Lost status Source of classification or shelving scheme Damaged status Not for loan Home library Current library Shelving location Date acquired Total Checkouts Full call number Barcode Date last seen Copy number Price effective from Koha item type
    Dewey Decimal Classification     Virtual Virtual Online 16/09/2010   ONLINE PUBLICATION 150961-1001 06/08/2019 1 06/08/2019 Book